000 00842 a2200217 4500
003 Nust
005 20221013113208.0
010 _a 77017161
020 _a0534005403
040 _cNust
082 0 0 _a574,KIR
100 1 _aKirk, David L.,
_9100098
245 1 0 _aBiology :
_bthe unity and diversity of life /
_cDavid Kirk, Ralph Taggart, Cecie Starr.
260 _aBelmont, Calif. :
_bWadsworth Pub. Co.,
_cc1978.
300 _axii, 420 p. :
_bill. ;
_c26 cm.
505 _aPrinciples Underlying the Diversity of Life (Page-3), The Shared Heritage of Life (Page-55), Complex Plans for Survival (Page-131), Adaptations in form and Function Organisms Evolving (Page-237), Life in a Changing Environment (Page-309).
650 0 _aBiology.
_91785
700 1 _aStarr, Cecie,
_9100099
700 1 _aTaggart, Ralph,
_9100100
942 _2ddc
_cBK
999 _c182666
_d182666